Catálogo
 En Linea

El Caribe. (Registro nro. 36033)

Detalles MARC
000 -CABECERA
campo de control de longitud fija 00518nas a2200193 a 4500
001 - NÚMERO DE CONTROL
campo de control 000036542
003 - IDENTIFICADOR DEL NÚMERO DE CONTROL
campo de control DLC
005 - FECHA Y HORA DE LA ÚLTIMA TRANSACCIÓN
campo de control 20200930075805.0
008 - DATOS DE LONGITUD FIJA--INFORMACIÓN GENERAL
campo de control de longitud fija 120119c20119999dr dr1ned 0 0spa d
040 ## - FUENTE DE LA CATALOGACIÓN
Centro catalogador/agencia de origen DO-SdBNP
Lengua de catalogación spa
043 ## - CÓDIGO DE ÁREA GEOGRÁFICA
Código de área geográfica nwdr
245 00 - MENCIÓN DE TÍTULO
Título El Caribe.
260 ## - PUBLICACIÓN, DISTRIBUCIÓN, ETC.
Lugar de publicación, distribución, etc. Santo Domingo :
Nombre del editor, distribuidor, etc. Editora del Caribe,
Fecha de publicación, distribución, etc. 2011.
300 ## - DESCRIPCIÓN FÍSICA
Extensión il. ;
Dimensiones 42 cm.
310 ## - PERIODICIDAD ACTUAL
Periodicidad actual Diaria
362 0# - FECHAS DE PUBLICACIÓN Y/O DESIGNACIÓN SECUENCIAL
Fecha de publicación y/o designación secuencial Año 63, no. 20,822
500 ## - NOTA GENERAL
Nota general Director: diciembre 2011, Osvaldo Santana
650 #0 - PUNTO DE ACCESO ADICIONAL DE MATERIA--TÉRMINO DE MATERIA
Término de materia o nombre geográfico como elemento de entrada Publicaciones periódicas
Subdivisión de forma DIARIOS
9 (RLIN) 62717
Existencias
Estado de retiro Estado de pérdida No para préstamo Código de colección Localización permanente Ubicación/localización actual Ubicación en estantería Fecha de adquisición Número de inventario Total de préstamos Signatura topográfica completa Código de barras Fecha visto por última vez Precio válido a partir de Tipo de ítem Koha
      Patrimonio Dominicano General General Orden iniciada 20.01.2012 LF1   36543-10 25.06.2020 25.06.2020 Libro y Folleto Colección Patrimonio Dominicano

Con tecnología Koha